MARC

LEADER 00000nas a2200000 a 4500
001 ssj0016326
003 WaSeSS
005 20200512172242.0
006 m d
007 cr n
008 021129c19879999enkqr pss 0 0eng c
010 |a  2008233641 
015 |a GBB407656  |2 bnb 
016 7 |a 2084819-5  |2 DE-600 
016 7 |a 012922857  |2 Uk 
022 |a 1474-0664  |l 0269-8897  |y 0269-8897 
035 |a (WaSeSS)ssj0016326 
040 |a NNM  |b eng  |c NNM  |d NNM  |d OCL  |d OCLCQ  |d GUA  |d CIT  |d OCLCQ  |d MYG  |d OCLCQ  |d OCLCO  |d OCLCF  |d OCLCO  |d OCLCQ  |d DEFHM  |d OCLCO  |d NLE  |d OCLCA  |d AU@  |d UKMGB  |d AUD  |d OCLCA  |d WaSeSS 
042 |a pcc 
050 1 4 |a Q175.4 
060 0 0 |a W1  |b SC72L 
130 0 |a Science in context (Online) 
245 1 0 |a Science in context  |h [electronic resource]. 
260 |a [Cambridge, England] :  |b Cambridge University Press 
310 |a Quarterly 
362 1 |a Began with vol. 1, no. 1 (Mar. 1987). 
506 |a License restrictions may limit access. 
515 |a Some issues combined. 
538 |a Mode of access: World Wide Web. 
588 |a Description based on: Vol. 14, no. 1/2 (June 2001); title from journal home page (Cambridge University Press, viewed May 12, 2011). 
588 |a Latest issue consulted: Vol. 24, issue 02 (June 2011) (Cambridge University Press, viewed May 12, 2011). 
648 7 |a Geschichte  |0 (DE-836)31372  |2 swd 
650 0 |a Science  |x Social aspects  |v Periodicals. 
650 0 |a Science  |x Philosophy  |v Periodicals. 
650 0 |a Science  |x History  |v Periodicals. 
650 0 |a Historical sociology  |v Periodicals. 
650 0 |a Knowledge, Theory of  |v Periodicals. 
650 0 |a Science  |x Methodology  |v Periodicals. 
650 7 |a Historical sociology.  |2 fast  |0 (OCoLC)fst00958210 
650 7 |a Knowledge, Theory of.  |2 fast  |0 (OCoLC)fst00988194 
650 7 |a Science.  |2 fast  |0 (OCoLC)fst01108176 
650 7 |a Science  |x Methodology.  |2 fast  |0 (OCoLC)fst01108313 
650 7 |a Science  |x Philosophy.  |2 fast  |0 (OCoLC)fst01108336 
650 7 |a Science  |x Social aspects.  |2 fast  |0 (OCoLC)fst01108360 
650 7 |a Naturwissenschaften  |2 gnd 
650 7 |a Wissenschaftssoziologie  |2 gnd 
650 7 |a Philosophie  |2 gnd 
655 0 |a Electronic journals. 
776 0 8 |i Print version:  |t Science in context  |x 0269-8897  |w (DLC) 87641504  |w (OCoLC)16060175 
856 4 0 |z Full text available from Research Library: 06/01/2001 to 1 year ago  |u https://search.proquest.com/publication/37294